000250447 001__ 250447
000250447 005__ 20260201183023.0
000250447 022__ $$a2312-6809
000250447 022__ $$a2312-6809$$l2312-6809
000250447 022__ $$a2522-400X
000250447 0247_ $$2ZDBID$$aPERI:(DE-600)3072323-1
000250447 0247_ $$2ZDBPPN$$aZDPPN:1235606651
000250447 0247_ $$2EZBID$$aPERI:(DE-606)482139
000250447 0247_ $$2EZBID$$aPERI:(DE-606)482139
000250447 0247_ $$2OCLC$$aOCLC:1286724115
000250447 035__ $$aPERI:(DE-600)3072323-1
000250447 040__ $$a9001$$bger$$cDE-101$$dJOIN²$$eJOIN² journal identification
000250447 041__ $$aukr
000250447 044__ $$cXA-UA
000250447 082__ $$223sdnb$$a890$$qDE-600
000250447 08274 $$223sdnb$$a890$$qDE-600
000250447 24220 $$2DE-600$$aProblemy sučasnoho literaturoznavstva$$bzbirnyk naukovych pracʹ$$cOdesʹkyj nacionalʹnyj universytet imeni I.I. Mečnykova, Filolohičnyj fakulʹtet = The @problems of contemporary literary studies / Odessa I.I. Mechnykov National University, Faculty of Philology$$yen
000250447 24220 $$2DE-600$$6245-01/Cyrl$$aПроблеми сучасного літературознавства$$bзбірник наукових праць$$cОдеський національний університет імені І.І. Мечнікова$$yru
000250447 24220 $$2DE-600$$6880-01/Latn$$aProblemy sučasnoho literaturoznavstva$$bzbirnyk naukovych pracʹ$$cOdesʹkyj nacionalʹnyj universytet imeni I.I. Mečnykova, Filolohičnyj fakulʹtet = The @problems of contemporary literary studies / Odessa I.I. Mechnykov National University, Faculty of Philology
000250447 245__ $$2DE-600$$6880-01/Cyrl$$aПроблеми сучасного літературознавства$$bзбірник наукових праць$$cОдеський національний університет імені І.І. Мечнікова$$honline, print
000250447 2463_ $$2DE-600$$aProblemy sučasnoho literaturoznavstva
000250447 2463_ $$aProblemy sučasnoho literaturoznavstva
000250447 2463_ $$aПроблеми сучасного літературознавства
000250447 2463_ $$aПроблеми сучасного літературознавства
000250447 247__ $$2DE-600$$aПроблеми сучасного літературознавства
000250447 260__ $$aOdesa$$bAstroprynt$$c[2011?-2019?]
000250447 2607_ $$2DOAJ$$aUkraine$$bOdessa I. I. Mechnykov National University$$d2020-07-24T14:21:44Z$$fOdessa I. I. Mechnykov National University
000250447 26431 $$aOdesa$$bAstroprynt$$c[2011?-2019?]
000250447 3620_ $$2DE-600$$aVypusk 15 [?]-vypusk 29 [?]
000250447 36300 $$2DE-600$$81.1\x$$a15$$i2011
000250447 36310 $$2DE-600$$81.2\x$$a29$$i2019
000250447 380__ $$2marcgt$$ajournal
000250447 500__ $$aAutomatically generated record. (Updated: 2025-11-11)
000250447 65310 $$2EZB-Subject$$aLinguistics and Literature
000250447 65310 $$2EZB-Keyword$$aModerne Literatur
000250447 65310 $$2DOAJ$$aliterary studies$$d2020-07-24T14:21:44Z
000250447 65310 $$2DOAJ$$aproblems of history of literature$$d2020-07-24T14:21:44Z
000250447 65310 $$2DOAJ$$aliterary theory$$d2020-07-24T14:21:44Z
000250447 65310 $$2DOAJ$$apoetics$$d2020-07-24T14:21:44Z
000250447 65310 $$2DOAJ$$acomparative literary studies$$d2020-07-24T14:21:44Z
000250447 65310 $$2DOAJ$$aLanguage and Literature$$d2020-07-24T14:21:44Z
000250447 7102_ $$0(DE-101)976361140$$2gnd$$4isb$$aOdesʹkyj nacionalʹnyj universytet im. I.I. Mečnykova$$bFilolohičnyj fakul'tet$$eHerausgebendes Organ
000250447 77608 $$2DE-600$$iErscheint auch als$$nDruck-Ausgabe$$tProblemy sučasnoho literaturoznavstva$$x2312-6809
000250447 8564_ $$d0$$uhttp://psl.onu.edu.ua$$yVerlag = kostenfrei
000250447 8564_ $$d0$$uhttp://psl.onu.edu.ua/about/editorialPolicies#custom-0$$yEditorial board
000250447 8564_ $$d0$$uhttp://psl.onu.edu.ua/about/editorialPolicies#custom-3$$yAPC information
000250447 8564_ $$d0$$uhttp://psl.onu.edu.ua/about/editorialPolicies#focusAndScope$$yScope
000250447 8564_ $$d0$$uhttp://psl.onu.edu.ua/about/editorialPolicies#peerReviewProcess$$yReview process
000250447 8564_ $$d0$$uhttp://psl.onu.edu.ua/about/submissions#authorGuidelines$$yInstructions for Authors
000250447 8564_ $$d0$$uhttps://ezb.ur.de/?3072323-1$$yEZB
000250447 880__ $$2DE-600$$6245-01/Cyrl$$aПроблеми сучасного літературознавства$$bзбірник наукових праць$$cОдеський національний університет імені І.І. Мечнікова
000250447 8801_ $$2DE-600$$aProblemy sučasnoho literaturoznavstva$$bzbirnyk naukovych pracʹ$$cOdesʹkyj nacionalʹnyj universytet imeni I.I. Mečnykova, Filolohičnyj fakulʹtet = The @problems of contemporary literary studies / Odessa I.I. Mechnykov National University, Faculty of Philology
000250447 909CO $$ooai:juser.fz-juelich.de:915799$$pauthority$$pauthority:PERI
000250447 909CO $$ooai:juser.fz-juelich.de:915799
000250447 915__ $$0StatID:(DE-HGF)0501$$2StatID$$aDBCoverage$$bDOAJ Seal$$d2020-07-24T14:21:44Z
000250447 915__ $$0StatID:(DE-HGF)0500$$2StatID$$aDBCoverage$$bDOAJ$$d2020-07-24T14:21:44Z
000250447 915__ $$0StatID:(DE-HGF)0030$$2StatID$$aPeer Review$$bDOAJ : Double anonymous peer review$$d2020-07-24T14:21:44Z
000250447 915__ $$0LIC:(DE-HGF)CCBYNCNV$$2V:(DE-HGF)$$aCreative Commons Attribution-NonCommercial CC BY-NC (No Version)$$bDOAJ$$d2020-07-24T14:21:44Z
000250447 936__ $$aukrainisch, russisch, englisch
000250447 980__ $$aPERI
000250447 980__ $$aAUTHORITY